000 00594nam a2200157 4500
999 _c16059
_d16059
008 210407b ||||| |||| 00| 0 eng d
022 _a0732-8435
082 _aDPer 657.05 C33 Sept-Dec 2011 v. 81 n. 9-12
100 _aRadin, Arthur J.
_942735
245 _aRethinking the purchase of malpractice self-insurance/
_cArthur J. Radin and Dan L. Goldwasser.
260 _aNew York:
_bThe New York State Society of CPA,
_c©2011.
300 _av81 n10, pages 54-60:
_bcolor illustrations;
_c28 cm.
650 _aInsurance.
_943006
700 _aGoldwasser, D. L.
_eAuthor.
_943048
942 _2ddc
_cPER